Normal view
MARC view
Entry Personal Name
001 - CONTROL NUMBER
- control field: 13799
003 - CONTROL NUMBER IDENTIFIER
- control field: TZ-ArACH
005 - DATE AND TIME OF LATEST TRANSACTION
- control field: 20130930111918.0
008 - FIXED-LENGTH DATA ELEMENTS
- fixed length control field: 130930|||a|||||| | ||| d
040 ## - CATALOGING SOURCE
- Original cataloging agency: TZ-ArACH
- Transcribing agency: TZ-ArACH
100 ## - HEADING--PERSONAL NAME
- Personal name: Musabyimana, Gaspard,
- Dates associated with a name: 1955-....
670 ## - SOURCE DATA FOUND
- Source citation: Work cat.: (TZ-ArACH)2495: Musabyimana, Gaspard, 1955-.... aut, Rwanda, le triomphe de la criminalité politique /, 2008
670 ## - SOURCE DATA FOUND
- Source citation: Work cat.: (TZ-ArACH)2495: Musabyimana, Gaspard, 1955-.... aut, Rwanda, le triomphe de la criminalité politique /, 2008
